000 00449nam a22001817a 4500
003 NUST - PNEC
005 20170116180924.0
008 150904b xxu||||| |||| 00| 0 eng d
020 _a-
040 _cLIBRARY
082 _a621.3 FIT
100 _97532
_aFitzgerald, A. E.
245 _aBasic electrical engineering
_cA. E. Fitzgerald
250 _a3rd ed.
260 _c-
650 _97535
_aElectronic Engineering
_xEE, EL
942 _2ddc
_cBK
999 _c65716
_d65716